Statistics for WWE One Minute Quiz: John Cena

Click here to take the quiz!

General Stats

  • This quiz has been taken 2,039 times
  • The average score is 4 of 6

Answer Stats

QuestionAnswer% Correct
Who is John Cena's Girlfriend?Nikki Bella
89%
What is John Cena's Finishing Move?Attitude Adjustment
85%
How Old is John Cena? (October 2014)Thirty-Seven
80%
Who is John's Brother-in-Law?Daniel Bryan
65%
Who Did John Cena Defeat at WrestleMania 20?Big Show
44%
Type in Cena123 to Get 100%!HAHAHAHAHA TRICKED YOU!!!!!!
1%

Score Distribution

Percentile by Number Answered

Percent of People with Each Score

Your Score History

You have not taken this quiz